Wszystkie sołectwa/dzielnice powiatu gliwickiego - Statystyki

Ogólne statystyki
  • Ten quiz został rozwiązany 24 razy
    21 od ostatniego zresetowania
  • Średni wynik to 37 z 72
Statystyki odpowiedzi
Gmina Sołectwo % Poprawnych
Gierałtowice Gierałtowice
88%
Rudziniec Rudziniec
88%
Toszek Toszek
88%
Gierałtowice Chudów
81%
Pilchowice Pilchowice
81%
Gierałtowice Przyszowice
81%
Wielowieś Wielowieś
81%
Rudziniec Łany
75%
Gierałtowice Paniówki
75%
Rudziniec Pławniowice
75%
Knurów Szczygłowice
75%
Pilchowice Żernica
75%
Rudziniec Rudno
69%
Sośnicowice Smolnica
69%
Sośnicowice Sośnicowice
69%
Knurów Knurów
63%
Sośnicowice Rachowice
63%
Rudziniec Taciszów
63%
Pilchowice Wilcza
63%
Rudziniec Bojszów
56%
Rudziniec Kleszczów
56%
Toszek Kotulin
56%
Sośnicowice Kozłów
56%
Knurów Krywald
56%
Toszek Ligota Toszecka
56%
Pilchowice Nieborowice
56%
Toszek Paczyna
56%
Rudziniec Poniszowice
56%
Sośnicowice Sierakowice
56%
Pilchowice Stanica
56%
Wielowieś Świbie
56%
Sośnicowice Trachy
56%
Rudziniec Bycina
50%
Wielowieś Dąbrówka
50%
Pilchowice Kuźnia Nieborowska
50%
Rudziniec Łącza
50%
Pilchowice Leboszowice
50%
Rudziniec Ligota Łabędzka
50%
Toszek Sarnów
50%
Wielowieś Sieroty
50%
Sośnicowice Bargłówka
44%
Rudziniec Chechło
44%
Wielowieś Gajowice
44%
Toszek Kotliszowice
44%
Rudziniec Niewiesze
44%
Toszek Płużniczka
44%
Toszek Pniów
44%
Toszek Proboszczowice
44%
Wielowieś Raduń-Borowiany
44%
Rudziniec Rzeczyce
44%
Rudziniec Słupsko
44%
Wielowieś Błażejowice
38%
Toszek Boguszyce
38%
Wielowieś Czarków
38%
Sośnicowice Łany Wielkie
38%
Toszek Paczynka
38%
Toszek Pawłowice
38%
Wielowieś Radonia
38%
Rudziniec Widów
38%
Wielowieś Wiśnicze
38%
Wielowieś Zacharzowice
38%
Toszek Ciochowice
31%
Pyskowice Dzierżno
31%
Rudziniec Niekarmia
31%
Sośnicowice Tworóg Mały
31%
Toszek Wilkowiczki
31%
Wielowieś Kieleczka
25%
Toszek Pisarzowice
25%
Knurów Stary Knurów
25%
Pyskowice Czerwionka
6%
Pyskowice Zaolszany
6%
Pyskowice Mikuszownia
0%
Nie znaleziono quizów pasujących do podanych kryteriów
Rozkład punktacji
Procent ludzi z każdym wynikiem
Percentyl według liczby udzielonych odpowiedzi
Twoja historia wyników
Nie rozwiązałeś tego quizu od ostatniego zresetowania